1312 1319 1898 1807 1628 1128 1599 1091 1960 1908 1867 1572 1491 1457 1018 1308 1899 1651 1212 1134 1669 1965 1483 1023 1710 1116 1146 1513 1947 1693 1101 1295 1628 1796 1403 1682 1193 1339 1702 1119 1293 1988 1925 1077 1470 1836 1772 1572 1075 1240 1298 1551 1567 1168 1252 1680 1524 1987 1167 1318 1835 1210 1284 1005 1148 1839 1167 1939 1279 1003 1394 1077 1350 1365 1127 1156 1838 1568 1147 1481 1820 1744 1709 1722 1789 1519 1408 1100 1661 1277 1150 1750 1800 1109 1893 1244 1911 1700 1669 BCNSPRNW ULIB Ver.6.0+V

เปลี่ยนเป็นภาษาไทย

Change to English
 แสดงรายละเอียดบรรณานุกรม
  กลับหน้าหลัก

Brief Record : Get Marc (ISO 2709) : E-mail record : QR code < ปิดหน้าต่าง
LEADER : 00000nas 2200000uu 4500
001    13399126061
003     ULIB
008    180515s2560||||th 000 0 tha d
022 0  ^a24654736
245 00 ^aวารสารวิจัยทางการพยาบาลและวิทยาศาสตร์สุขภาพ^cคณะพยาบาลศาสตร์ มหาวิทยาลัยราชภัฏเพชรบุรี
310    ^aราย 6 เดือน
850 ^a ULIB^bปีที่ 1 ฉบับที่ 2 ฉ.1 ;ปีที่ 1 ฉบับที่ 1 ฉ.1
856    ^aปีที่ 1 ฉบับที่ 1 มกราคม-มิถุนายน^c2560
945    ^p0^l0^i905159
945    ^p0^l0^i904879
999    ^aประนอม เกษจรัล
รายการนี้ยังไม่มีแท็ก
คุณยังไม่ได้ล็อกอิน คุณสามารถมีกิจกรรมร่วมกับเว็บไซต์ได้ แต่ต้องล็อกอินก่อน ::
  ล็อกอิน

รายการสื่อสารสนเทศ (วารสาร)

ดูแบบ: กล่อง รายการ
ARRIVED
ปีที่ 1 ฉบับที่ 1 ฉ.1
สถานที่: ห้องสมุดวิทยาเขตสวรรค์ประชารักษ์ >หนังสือพิมพ์
ARRIVED
ปีที่ 1 ฉบับที่ 2 ฉ.1
สถานที่: ห้องสมุดวิทยาเขตสวรรค์ประชารักษ์ >วารสาร

BibComment


ยังไม่เคยถูกคอมเมนท์

คอมเมนท์ทรัพยากรรายการนี้
  คอมเมนท์: วารสารวิจัยทางกา..


 Copyright 2026. Bcnsprnw @Library